000
00296 a2200145 4500
001
167595
020
_a
040
_c
Magnum
100
_a
Laua, Maurilio do Prado
240
1
0
_a
Cacos de estrelas
_l
por
245
1
0
_a
Cacos de estrelas
362
0
_a
1899
697
_a
IJ/POESIA
942
_c
BK
999
_c
167595
_d
167595